Study of geographic information systems and remote sensing / (Record no. 750102)

MARC details
000 -LEADER
fixed length control field 00399nam a22001337a 4500
020 ## - INTERNATIONAL STANDARD BOOK NUMBER
ISBN 9781835350874
082 ## - DEWEY DECIMAL CLASSIFICATION NUMBER
Classification number 621.3678
100 ## - MAIN ENTRY--AUTHOR NAME
Personal name Douglas
245 ## - TITLE STATEMENT
Title Study of geographic information systems and remote sensing /
Statement of responsibility, etc Douglas
260 ## - PUBLICATION, DISTRIBUTION, ETC. (IMPRINT)
Place of publication London :
Name of publisher ED tech press,
Year of publication c.2024
300 ## - PHYSICAL DESCRIPTION
Number of Pages x, 338p. ;
504 ## - BIBLIOGRAPHY, ETC. NOTE
Bibliography, etc Includes bibliographical references (p. 329-332 ) and index
942 ## - ADDED ENTRY ELEMENTS (KOHA)
Source of classification or shelving scheme Dewey Decimal Classification
Koha item type Reference
Holdings
Withdrawn status Lost status Source of classification or shelving scheme Damaged status Not for loan Home Library Current Location Date acquired Full call number Accession Number Price effective from Koha item type
    Dewey Decimal Classification     Dept. of Computer Science Dept. of Computer Science 01/07/2025 621.3678 DOU/S DCS5219 01/07/2025 Reference